62 nguyên tắc quản lý. Tập 2, Quản lý sản xuất - Quản lý hành chính - Quản lý nghiệp vụ /

में बचाया:
ग्रंथसूची विवरण
मुख्य लेखक: Tăng Văn Húc
स्वरूप: पुस्तक
भाषा:Vietnamese
प्रकाशित: Lao động xã hội 2004
टैग : टैग जोड़ें
कोई टैग नहीं, इस रिकॉर्ड को टैग करने वाले पहले व्यक्ति बनें!
Thư viện lưu trữ: Mạng thư viện Đại học Đà Nẵng
LEADER 00754nam a2200265 4500
001 000028228
003 TĂ-HX04
005 20150403120000.0
008 150403s vm 000 vie
020 |c 0,0000 
040 |a notts 
100 |a Tăng Văn Húc 
245 |a 62 nguyên tắc quản lý. Tập 2, Quản lý sản xuất - Quản lý hành chính - Quản lý nghiệp vụ /  |c Tăng Văn Húc ; người dịch : Nguyễn Kim Phước. 
260 |b Lao động xã hội  |c 2004 
OWN |a LTT 
999 |a From the UDN01 
TYP |a Monograph 
TYP |a Printed language 
980 |a Mạng thư viện Đại học Đà Nẵng